| 000 | 00821nam a2200253 a 4500 | ||
|---|---|---|---|
| 005 | 20140310182410.0 | ||
| 008 | 130711s19uu xx 00 eng d | ||
| 020 | _a9781405844185 | ||
| 100 | _aStraker, Anita | ||
| 245 |
_aExploring maths 5 : _bclass book / _cAnita Straker. |
||
| 260 |
_aGreat Britain, Scotprint : _bPearson Longman, _cc2008. |
||
| 300 | _a385 | ||
| 500 | _aIncludes index and bibliographies | ||
| 520 | _aits about the powers and roots, functions and graph, equations and formula, 2D and 3D shapes, | ||
| 650 |
_aFractions _xmathematics |
||
| 650 |
_aProbabilities _xmathematics |
||
| 650 |
_aMeasurements _xmathematics |
||
| 650 |
_aEquations _xmathematics |
||
| 700 | _aFisher, Tony | ||
| 700 | _aHyde, Rosalyn | ||
| 700 | _aJennings, Sue | ||
| 700 | _aLongstaffe, Jonathan | ||
| 942 | _cBK | ||
| 999 |
_c12825 _d12825 |
||